Die ehemalige Sommerresidenz der Würzburger Fürstbischöfe in Werneck
Gespeichert in:
| VerfasserIn: | |
|---|---|
| Dokumenttyp: | Buch |
| Sprache: | German |
| Veröffentlicht: |
Neustadt/Aisch
: Degener
, 2003
|
| Schriftenreihe: | Veröffentlichungen der Gesellschaft für Fränkische Geschichte 8. Reihe, Quellen und Darstellungen zur fränkischen Kunstgeschichte
14 |
| Schlagwörter: | |
| Online Zugang: | Rezension Inhaltsverzeichnis Rezension Inhaltsverzeichnis |
| Bibliogr. Hinweis: | Rezension:
[Rezension von : Erich Schneider, Die ehemalige Sommerresidenz der Würzburger Fürstbischöfe in Werneck] Rezensiert in: [Rezension von: Erich Schneider, Die ehemalige Sommerresidenz der Würzburger Fürstbischöfe in Werneck] Rezensiert in: [Rezension] Rezensiert in: [Rezension von: Schneider, Erich, Die ehemalige Sommerresidenz der Würzburger Fürstbischöfe in Werneck] |
| Verantwortlich: | Erich Schneider |
| LEADER | 04630cam a2200901 c 4500 | ||
|---|---|---|---|
| 001 | 387851143 | ||
| 003 | DE-627 | ||
| 005 | 20260614203638.0 | ||
| 007 | tu | ||
| 008 | 040527s2003 gw ||||| 00| ||ger c | ||
| 015 | |a 04,A24,1219 |2 dnb | ||
| 016 | 7 | |a 97101793X |2 DE-101 | |
| 020 | |a 3768693023 |9 3-7686-9302-3 | ||
| 035 | |a (DE-627)387851143 | ||
| 035 | |a (DE-603)121480275 | ||
| 035 | |a (DE-576)112392334 | ||
| 035 | |a (DE-599)GBV387851143 | ||
| 035 | |a (OCoLC)249674317 | ||
| 035 | |a (OCoLC)249674317 | ||
| 035 | |a (OCoLC)55149194 | ||
| 040 | |a DE-627 |b ger |c DE-627 |e rakwb | ||
| 041 | |a ger | ||
| 044 | |c XA-DE |c XA-DE-BY | ||
| 050 | 0 | |a NA7741.W3988 | |
| 082 | 0 | |a 720 | |
| 082 | 0 | 4 | |a 720 |
| 084 | |a 9,10 |2 ssgn | ||
| 084 | |a LK 79803 |2 rvk |0 (DE-625)rvk/98297:157 | ||
| 084 | |a NZ 90330 |2 rvk |0 (DE-625)rvk/134370: | ||
| 084 | |a 21.71 |2 bkl | ||
| 100 | 1 | |8 1\p |a Schneider, Erich |d 1954- |0 (DE-588)131393367 |0 (DE-627)508768616 |0 (DE-576)298448602 |4 aut | |
| 245 | 1 | 4 | |a Die ehemalige Sommerresidenz der Würzburger Fürstbischöfe in Werneck |c Erich Schneider |
| 263 | |a Pp. | ||
| 264 | 1 | |a Neustadt/Aisch |b Degener |c 2003 | |
| 300 | |a 735 S |b Ill., graph. Darst., Kt |c 31 cm | ||
| 336 | |a Text |b txt |2 rdacontent | ||
| 337 | |a ohne Hilfsmittel zu benutzen |b n |2 rdamedia | ||
| 338 | |a Band |b nc |2 rdacarrier | ||
| 490 | 1 | |a Veröffentlichungen der Gesellschaft für Fränkische Geschichte |a 8. Reihe, Quellen und Darstellungen zur fränkischen Kunstgeschichte |v 14 | |
| 500 | |a Literaturverz. S. 695 - 711 | ||
| 505 | 8 | |a Literaturverz. S. 695 - 711 | |
| 583 | 1 | |a Archivierung/Langzeitarchivierung gewährleistet |f SSG |x XA-DE-BW |2 pdager |5 DE-16 | |
| 583 | 1 | |a Archivierung prüfen |c 20240324 |f DE-4165 |z 2 |2 pdager | |
| 600 | 1 | 0 | |a Neumann, Balthasar |x Criticism and interpretation |
| 600 | 1 | 0 | |a Schönborn, Friedrich Karl von |x Palaces |x Germany |x Werneck |
| 648 | 7 | |a Geschichte |2 gnd | |
| 650 | 0 | |a Architecture, Baroque |x Germany |x Werneck | |
| 651 | 0 | |a Werneck (Germany) |x Buildings, structures, etc | |
| 653 | 0 | |a Schloss Werneck (Werneck, Germany) | |
| 689 | 0 | 0 | |d g |0 (DE-588)4383403-6 |0 (DE-627)187456917 |0 (DE-576)211864536 |a Schloss Werneck |2 gnd |
| 689 | 0 | 1 | |a z |2 gnd |a Geschichte |
| 689 | 0 | |5 DE-101 | |
| 689 | 1 | 0 | |d g |0 (DE-588)4383403-6 |0 (DE-627)187456917 |0 (DE-576)211864536 |a Schloss Werneck |2 gnd |
| 689 | 1 | 1 | |a z |2 gnd |a Geschichte |
| 689 | 1 | |5 (DE-627) | |
| 787 | 0 | 8 | |i Rezension |a Zeune, Joachim, 1952 - |t [Rezension von : Erich Schneider, Die ehemalige Sommerresidenz der Würzburger Fürstbischöfe in Werneck] |d Braubach : Europäisches Burgeninstitut, 2005 |w (DE-627)1679032275 |
| 787 | 0 | 8 | |i Rezensiert in |a Seeger, Ulrike, 1964 - 2025 |t [Rezension von: Erich Schneider, Die ehemalige Sommerresidenz der Würzburger Fürstbischöfe in Werneck] |d 2006 |w (DE-627)1916143415 |
| 787 | 0 | 8 | |i Rezensiert in |t [Rezension] |d 2008 |w (DE-627)1752560108 |
| 787 | 0 | 8 | |i Rezensiert in |a Voit, Thomas |t [Rezension von: Schneider, Erich, Die ehemalige Sommerresidenz der Würzburger Fürstbischöfe in Werneck] |d 2008 |w (DE-627)1831870800 |
| 810 | 2 | |a Gesellschaft für Fränkische Geschichte |t Veröffentlichungen der Gesellschaft für Fränkische Geschichte / 8 |v 14 |9 14 |w (DE-627)130114758 |w (DE-576)015645185 |w (DE-600)504324-4 |x 0435-818X |7 am | |
| 856 | 4 | 2 | |u https://swbplus.bsz-bw.de/bsz112392334rez.htm |m V:DE-576 |v 2006-04-24 |3 Rezension |7 1 |
| 856 | 4 | 2 | |u https://swbplus.bsz-bw.de/bsz112392334inh.htm |m V:DE-576 |v 2008-08-18 |3 Inhaltsverzeichnis |7 1 |
| 856 | 4 | 2 | |u http://scans.hebis.de/HEBCGI/show.pl?12148027_rez.pdf |m V:DE-576 |q application/pdf |3 Rezension |7 1 |
| 856 | 4 | 2 | |u http://scans.hebis.de/HEBCGI/show.pl?12148027_toc.pdf |m V:DE-576 |q application/pdf |3 Inhaltsverzeichnis |7 1 |
| 883 | |8 1\p |a cgwrk |d 20241001 |q DE-101 |u https://d-nb.info/provenance/plan#cgwrk | ||
| 935 | |i Blocktest | ||
| 936 | r | v | |a LK 79803 |b Neuzeit (-1800) |k Kunstgeschichte |k Kunst nach Ländern bzw. Kontinenten |k Deutschland |k Deutsche Kunstgeschichte nach Gattungen |k Architektur |k Ordnung nach Aufgaben |k Residenz, Palast, Schloss |k Neuzeit (-1800) |0 (DE-627)127158915X |0 (DE-625)rvk/98297:157 |0 (DE-576)20158915X |
| 936 | r | v | |a NZ 90330 |b Sonstige Reihen |k Geschichte |k Regionale Landeskunde |k Fränkische Landeskunde |k Allgemeines |k Sonstige Reihen |0 (DE-627)1271486512 |0 (DE-625)rvk/134370: |0 (DE-576)201486512 |
| 936 | b | k | |a 21.71 |j Geschichte öffentlicher Bauten |0 (DE-627)106421263 |
| 936 | s | n | |a l300 |2 mzub |
| 936 | s | n | |a n100 |2 mzub |
| 951 | |a BO | ||
| 990 | |a Schloss Werneck | ||
| 990 | |a Geschichte | ||
| 990 | |a Schloss Werneck | ||
| 990 | |a Geschichte | ||
| 991 | |a Rezensiertes Werk | ||
| 999 | |a KXP-PPN387851143 |e 4013473976 | ||


